Name All Canberran Suburbs Quiz - Statistics

General Stats
  • This quiz has been taken 56 times
  • The average score is 80 of 124
Answer Stats
District Suburb % Correct
Inner North Dickson
91%
Inner North Ainslie
86%
Inner South Barton
86%
Belconnen Belconnen
86%
Gungahlin Amaroo
82%
Belconnen Bruce
82%
Gungahlin Gungahlin
82%
Tuggeranong Kambah
82%
Weston Creek Weston
82%
Inner South Yarralumla
82%
Inner North Acton
77%
Tuggeranong Calwell
77%
Inner North Campbell
77%
Woden Valley Chifley
77%
Belconnen Cook
77%
Molonglo Valley Denman Prospect
77%
Tuggeranong Fadden
77%
Woden Valley Farrer
77%
Inner South Griffith
77%
Belconnen Kaleen
77%
Inner North Lyneham
77%
Belconnen Aranda
73%
Tuggeranong Banks
73%
Gungahlin Casey
73%
Belconnen Charnwood
73%
Tuggeranong Conder
73%
Molonglo Valley Coombs
73%
Gungahlin Crace
73%
Woden Valley Curtin
73%
Inner South Deakin
73%
Weston Creek Fisher
73%
Belconnen Fraser
73%
Woden Valley Garran
73%
Belconnen Holt
73%
Woden Valley Hughes
73%
Gungahlin Kenny
73%
Inner South Kingston
73%
Woden Valley Lyons
73%
Gungahlin Ngunnawal
73%
Woden Valley Phillip
73%
Inner South Red Hill
73%
Inner North Reid
73%
Gungahlin Taylor
73%
Inner Canberra Watson
73%
Molonglo Valley Whitlam
73%
Molonglo Valley Wright
73%
Inner North Braddon
68%
Weston Creek Duffy
68%
Belconnen Dunlop
68%
Belconnen Florey
68%
Inner South Fyshwick
68%
Inner North Hackett
68%
Tuggeranong Isabella Plains
68%
Belconnen Macquarie
68%
Woden Valley Mawson
68%
Inner South Narrabundah
68%
Inner North O'Connor
68%
Weston Creek Waramanga
68%
Gungahlin Bonner
64%
Inner North Civic
64%
Gungahlin Forde
64%
Gungahlin Franklin
64%
Belconnen Giralang
64%
Tuggeranong Gordon
64%
Outskirts Hall
64%
Outskirts Hume
64%
Woden Valley Isaacs
64%
Belconnen Lawson
64%
Inner South Manuka
64%
Belconnen McKellar
64%
Gungahlin Mitchell
64%
Molonglo Valley Molonglo
64%
Woden Valley O'Malley
64%
Belconnen Page
64%
Woden Valley Pearce
64%
Gungahlin Throsby
64%
Inner Canberra Turner
64%
Outskirts Beard
59%
Weston Creek Chapman
59%
Tuggeranong Chisholm
59%
Inner North Downer
59%
Belconnen Evatt
59%
Inner South Forrest
59%
Gungahlin Harrison
59%
Belconnen Hawker
59%
Weston Creek Holder
59%
Belconnen Latham
59%
Gungahlin Nicholls
59%
Tuggeranong Oxley
59%
Inner South Parkes
59%
Weston Creek Rivett
59%
Belconnen Scullin
59%
Belconnen Spence
59%
Inner South Symonston
59%
Woden Valley Torrens
59%
Tuggeranong Wanniassa
59%
Tuggeranong Bonython
55%
Tuggeranong Greenway
55%
Belconnen Higgins
55%
Tuggeranong MacArthur
55%
Belconnen MacGregor
55%
Belconnen Melba
55%
Tuggeranong Monash
55%
Gungahlin Moncrieff
55%
Outskirts Oaks Estate
55%
Gungahlin Palmerston
55%
Inner North Pialligo
55%
Tuggeranong Theodore
55%
Belconnen Flynn
50%
Tuggeranong Gowrie
50%
Tuggeranong Richardson
50%
Belconnen Strathnairn
50%
Belconnen Weetangera
50%
Inner South Capital Hill
45%
Gungahlin Jacka
45%
Inner North Russell
45%
Molonglo Valley Bandler
41%
Inner North Duntroon
41%
Belconnen MacNamara
41%
Weston Creek Stirling
41%
Inner North Fairbairn
32%
Tuggeranong Gilmore
32%
Gungahlin Kinlyside
32%
Molonglo Valley Sulman
27%
No matching quizzes found
Score Distribution
Percent of People with Each Score
Percentile by Number Answered
Your Score History
You have not taken this quiz